000 00457nam a2200169Ia 4500
008 241115s9999 xx 000 0 und d
020 _a0-02-421665-8
082 _a006.3 TUR
100 _aTurban, Efraim
245 0 _aExpert Systems and Applied Artificial Intelligence
250 _a.NA
260 _aNew York:
_bMacmillan Publishing Company
_c1992
300 _axxii,804p.
600 _aComputer Science
650 _aComputer Science
942 _cBBD
999 _c25896
_d25896